LEADER 01242nam 2200421 450 001 9910511616603321 010 $a1-351-72438-X 010 $a1-351-72439-8 035 $a(CKB)3790000000537341 035 $a(MiAaPQ)EBC5165881 035 $a(EXLCZ)993790000000537341 100 $a20171229h20182002 uy 0 101 0 $aeng 135 $aurcnu|||||||| 181 $2rdacontent 182 $2rdamedia 183 $2rdacarrier 200 10$aBanks in crisis $ethe legal response /$fAndrew Campbell, Peter Cartwright 210 1$aLondon, [England] ;$aNew York, New York :$cRoutledge,$d2018. 210 4$d©2002 215 $a1 online resource (221 pages) 225 1 $aRoutledge Revivals 300 $aIncludes index. 311 $a1-138-74257-0 410 0$aRoutledge revivals. 606 $aBank failures$xLaw and legislation$zGreat Britain 608 $aElectronic books. 615 0$aBank failures$xLaw and legislation 676 $a346.41/082 700 $aCampbell$b Andrew$g(Andrew B.),$091889 702 $aCartwright$b Peter$f1968- 801 0$bMiAaPQ 801 1$bMiAaPQ 801 2$bMiAaPQ 906 $aBOOK 912 $a9910511616603321 996 $aBanks in crisis$92549298 997 $aUNINA LEADER 00419nam 2200157z- 450 001 9910692561503321 035 $a(CKB)5470000002353838 035 $a(EXLCZ)995470000002353838 100 $a20230503cuuuuuuuu -u- - 101 0 $aeng 200 00$aEagle (Huntsville, Ala. : Online) 517 $aEagle 906 $aDOCUMENT 912 $a9910692561503321 996 $aEagle (Huntsville, Ala. : Online)$93145077 997 $aUNINA LEADER 00980nam0-22002891i-450 001 990002058980403321 005 20240202165526.0 100 $a20030910f1927----km-y0itay50------ba 101 0 $afre 200 1 $a<>ennemis des cultures fruitières en Algérie et les moyens pratiques de les combattre$fM. Delassus, A. Balachowsky ...[et. al.] 210 $a[S.l.$cs.n.]$d[ca. 1927] 215 $a233 p.$d25 cm 225 1 $aBibliothèque du colon de l'Afrique du Nord 610 0 $aFrutteti, Danni 610 0 $aFrutteti, Insetti dannosi 676 $a595.7 702 1$aBalachowsky,$bAlfred Serge$f<1901-1983> 702 1$aDelassus,$bM. 801 0$aIT$bUNINA$gRICA$2UNIMARC 901 $aBK 912 $a990002058980403321 952 $a61 IX C.2/05$b571$fDAGEN 952 $aA PAT 1256$b896/2024$fFAGBC 959 $aFAGBC 959 $aDAGEN 996 $aEnnemis des cultures fruitières en Algérie et les moyens pratiques de les combattre$9393310 997 $aUNINA